ბათუმის შოთა რუსთაველის სახელმწიფო უნივერსიტეტის ბიბლიოთეკა

Анализ нефти и нефтепродуктов. (ბიბ.ჩანაწერი № 37153)

000 -LEADER
fixed length control field 00611nam a2200205Ia 4500
001 - CONTROL NUMBER
control field 3109
003 - CONTROL NUMBER IDENTIFIER
control field GE_BSU
008 - FIXED-LENGTH DATA ELEMENTS--GENERAL INFORMATION
fixed length control field 181216s||||||||xx |||||||||||||| ||und||
040 ## - CATALOGING SOURCE
Transcribing agency GE_BSU
080 ## - UNIVERSAL DECIMAL CLASSIFICATION NUMBER
Universal Decimal Classification number 665.6/7
100 ## - MAIN ENTRY--PERSONAL NAME
Personal name Рыбак,Б.М
245 ## - TITLE STATEMENT
Title Анализ нефти и нефтепродуктов.
245 ## - TITLE STATEMENT
Statement of responsibility, etc. Вед. ред. К.Ф.Клейменова и Е.С.Левина.
250 ## - EDITION STATEMENT
Edition statement Издпятое, дополненое и переработанное.
260 ## - PUBLICATION, DISTRIBUTION, ETC.
Place of publication, distribution, etc. М.
260 ## - PUBLICATION, DISTRIBUTION, ETC.
Name of publisher, distributor, etc. Гостоптехиздат.
260 ## - PUBLICATION, DISTRIBUTION, ETC.
Date of publication, distribution, etc. 1962.
300 ## - PHYSICAL DESCRIPTION
Extent 888 стр. 27 см.
942 ## - ADDED ENTRY ELEMENTS (KOHA)
Koha item type წიგნი
ეგზემპლარები
Withdrawn status Lost status Damaged status Not for loan Date acquired Barcode Date last seen Price effective from Koha item type
        2018-12-17 9443 2018-12-17 2018-12-17 წიგნი